| 000 | 00405nam a22001577a 4500 | ||
|---|---|---|---|
| 003 | MPLRDC | ||
| 005 | 20220104123848.0 | ||
| 008 | 210129b ||||| |||| 00| 0 eng d | ||
| 082 | _a490.9931 SXXZZ | ||
| 100 | _a松下幸之助 | ||
| 245 |
_a我的座右铭 _c |
||
| 260 |
_a台湾 _b雷鼓出版社 _c1993 |
||
| 300 | _b387 | ||
| 650 | _a日本企业家--松下幸之助 | ||
| 942 |
_cBK _o490.9931 SXXZZ |
||
| 999 |
_c14784 _d14774 |
||